Medios ciudadanos y conflictos urbanos (Registro nro. 255389)

Detalles MARC
000 -ENCABEZADO
Número de control [NR] 00980nam a2200217 a 4500
005 - FECHA Y HORA DE LA ÚLTIMA TRANSACCIÓN
control field 20171004161624.0
008 - DE LONGITUD FIJA DE DATOS DE ELEMENTOS - INFORMACIÓN GENERAL
Elementos de longitud fija [NR] 140522s2013 ck gr 00010 spa d
020 ## - NUMERO INTERNACIONAL NORMALIZADO PARA LIBROS [R]
Número Internacional Normalizado del libro [NR] 9789587630824
040 ## - FUENTE DE CATALOGACION [NR]
Agencia de catalogación original [NR] CO-BoBLA
Idioma de catalogación [NR] spa
Quien Cataloga Sandra Palacio (modificó)
Quien Clasifica Sandra Palacio (modificó)
041 0# - CODIGO DE IDIOMA [R]
Código de idioma para texto/pista de sonido o título separado [R] Español
100 1# - ASIENTO PRINCIPAL--NOMBRE PERSONAL [NR]
Nombre personal [NR] Gómez Meneses, Joaquín Alonso
ID Autoridad 87516
245 10 - MENCION DE TITULO [NR]
Título [NR] Medios ciudadanos y conflictos urbanos
Parte restante del título [NR] expresiones de periodismo y participación en Colombia
Mención de responsabilidad, etc. [NR] Joaquín Gómez Meneses
260 ## - PUBLICACION, DISTRIBUCION, ETC. (PIE DE IMPRENTA) [R]
Lugar de publicación, distribución, etc. [R] Bogotá (Colombia)
Nombre del editor, distribuidor, etc. [R] UNIMINUTO
Fecha de publicación, distribución, etc. [R] 2013
300 ## - DESCRIPCION FISICA [R]
Extensión [R] 188 páginas
650 17 - ASIENTO SECUNDARIO DE MATERIA - TERMINO TEMATICO [R]
Término temático o nombre geográfico como elemento de entrada [NR] Violencia urbana
Subdivisión general [R] Cubrimiento periodístico
Subdivisión geográfica [R] Colombia
9 (RLIN) 26291
650 27 - ASIENTO SECUNDARIO DE MATERIA - TERMINO TEMATICO [R]
Término temático o nombre geográfico como elemento de entrada [NR] Ciudadanía
Subdivisión geográfica [R] Colombia
9 (RLIN) 7408
650 27 - ASIENTO SECUNDARIO DE MATERIA - TERMINO TEMATICO [R]
Término temático o nombre geográfico como elemento de entrada [NR] Movimientos sociales
Subdivisión general [R] Cubrimiento periodístico
Subdivisión geográfica [R] Colombia
9 (RLIN) 19847
710 1# - ASIENTO SECUNDARIO - NOMBRE CORPORATIVO [R]
Nombre corporativo o de jurisdicción como elemento de entrada [NR] Corporación Universitaria Minuto de Dios. UNIMINUTO
Unidad subordinada [R] Facultad de Ciencias de la Comunicación
9 (RLIN) 87517
942 ## - ELEMENTOS DE ENTRADA AGREGADOS (KOHA)
Sistema de clasificación DEWEY
Tema principal Sociología
Tipo de ítem principal el descrito en 300a Libro
Edición 1
Clasificación 303.60986
Parte restante de la signatura top. G569mc
Existencias
Total préstamos Signatura topográfica Código de barras Última vez visto Ejemplar Costo de reposición Price effective from Tipo de ítem Perdido Sistema de clasificación Dañado No prestable Tipo de ítem específico Suprimido Ubicación habitual Ubicación actual Localización Fecha de creación Proveedor Forma de adquisición Costo
  303.60986 G569mc 100142881 09/12/2025 Ej.1 26000.00 29/05/2014 Libro   DEWEY     Libro   Claustro Claustro 2do piso 29/05/2014 12 Donación 0.00